Alí babá y los cuarenta ladrones /
Guardado en:
| Autor Principal: | |
|---|---|
| Otros Autores: | |
| Formato: | Libro |
| Publicado: |
Buenos Aires :
Cántaro,
1999
|
| Series: | Colección del Mirador; No. 139
|
| Materias: | |
| Etiquetas: |
Agregar Etiqueta
Sin Etiquetas, Sea el primero en etiquetar este registro!
|
| LEADER | 00930nam a22002775a 4500 | ||
|---|---|---|---|
| 001 | CEM.cems010388 | ||
| 005 | 20080516123459.0 | ||
| 008 | 130507s1999##################000#0#####d | ||
| 003 | CEMS | ||
| 020 | |a 950753055X | ||
| 082 | 0 | 4 | |a 892.7 |
| 100 | 1 | |a Anónimo | |
| 245 | 1 | 0 | |a Alí babá y los cuarenta ladrones / |c Selección de Stella Maris Cochetti |
| 260 | |a Buenos Aires : |b Cántaro, |c 1999 | ||
| 300 | |a 143 p. | ||
| 490 | 0 | |a Colección del Mirador; No. 139 | |
| 653 | |a Literatura | ||
| 653 | |a Literatura árabe | ||
| 653 | |a Literatura juvenil | ||
| 653 | |a Novelas | ||
| 653 | |a Novela árabe | ||
| 700 | 1 | |a Cochetti, Stella Maris, sel. | |
| 859 | |a CEMS |b BIB. CEMS - 11 de abril |h 892.7 |i Al41 |p 20940.00 |t Ej.1 | ||
| 859 | |a CEMS |b BIB. CEMS - 11 de abril |h 892.7 |i Al41 |p 20948.00 |t Ej.2 | ||
| 859 | |a CEMS |b BIB. CEMS - 11 de abril |h 892.7 |i Al41 |p 20949.00 |t Ej.3 | ||
| 859 | |a CEMS |b BIB. CEMS - 11 de abril |h 892.7 |i Al41 |p 20950.00 |t Ej.4 | ||
